Państwa Europy po angielsku - Statystyki

Ogólne statystyki
  • Ten quiz został rozwiązany 48 razy
  • Średni wynik to 28 z 45
Statystyki odpowiedzi
Polski Angielski % Poprawnych
Albania Albania
95%
Belgia Belgium
95%
Andora Andorra
93%
Austria Austria
93%
Polska Poland
80%
Hiszpania Spain
80%
Chorwacja Croatia
78%
Francja France
78%
Grecja Greece
78%
Bułgaria Bulgaria
75%
Czechy Czech Republic/Czechia
75%
Estonia Estonia
75%
Niemcy Germany
75%
Białoruś Belarus
73%
Dania Denmark
70%
Finlandia Finland
70%
Malta Malta
70%
Czarnogóra Montenegro
70%
Norwegia Norway
70%
Irlandia Ireland
68%
Portugalia Portugal
65%
Liechtenstein Liechtenstein
63%
Rosja Russia
63%
Łotwa Latvia
60%
Holandia Netherlands
60%
Litwa Lithuania
58%
Monako Monaco
58%
San Marino San Marino
58%
Słowacja Slovakia
58%
Islandia Iceland
55%
MacedoniaPółnocna North Macedonia
55%
Rumunia Romania
55%
Włochy Italy
53%
Słowenia Slovenia
53%
Ukraina Ukraine
53%
Kosowo Kosovo
50%
Serbia Serbia
50%
Szwecja Sweden
50%
Szwajcaria Switzerland
50%
Węgry Hungary
48%
Luksemburg Luxembourg
48%
Mołdawia Moldova
43%
Wielka Brytania United Kingdom
38%
Watykan Vatican City
25%
Bośnia i Hercegowina Bosnia andHerzegowina
13%
Nie znaleziono quizów pasujących do podanych kryteriów
Rozkład punktacji
Procent ludzi z każdym wynikiem
Percentyl według liczby udzielonych odpowiedzi
Twoja historia wyników
Nie rozwiązałeś tego quizu